[Event "VIE-ch U09"]
[Site "Ho Chi Minh City"]
[Date "2014.07.18"]
[Round "9"]
[White "Le, Ngoc Khanh Duy"]
[Black "Nguyen, Le Truong Thien"]
[Result "0-1"]
[WhiteElo "1516"]
[BlackElo "1459"]
[PlyCount "70"]
[EventDate "2014.07.13"]
[EventType "swiss"]
[EventRounds "9"]
[EventCountry "VIE"]
[SourceTitle "EXT 2016"]
[Source "ChessBase"]
[SourceDate "2015.10.08"]
[SourceVersion "1"]
[SourceVersionDate "2015.10.08"]
[SourceQuality "1"]

1. d4 d5 2. Nf3 e6 3. e3 c5 4. Nc3 Nc6 5. Be2 Nf6 6. b3 b6 7. 0-0 Bb7 8. Bb2 Bd6 9. Re1 0-0 10. a4 Re8 11. Rf1 e5 12. Na2 e4 13. Ne5 Nxe5 14. dxe5 Bxe5 15. Bxe5 Rxe5 16. f4 Re7 17. c4 d4 18. exd4 Qxd4+ 19. Qxd4 cxd4 20. Rab1 d3 21. Bd1 e3 22. Re1 e2 23. Bxe2 dxe2 24. Rb2 Rae8 25. Nc3 Nd7 26. Rd2 Nc5 27. Rexe2 Rxe2 28. Nxe2 Nxb3 29. Rd3 Nc5 30. Rd4 g6 31. Rd2 Ba6 32. Nd4 Bxc4 33. f5 gxf5 34. Nxf5 Re1+ 35. Kf2 Rf1+ 0-1

[Event "VIE-ch U09"]
[Site "Ho Chi Minh City"]
[Date "2014.07.16"]
[Round "6"]
[White "Nguyen, Hanh Hoang Duc"]
[Black "Nguyen, Le Truong Thien"]
[Result "1-0"]
[WhiteElo "1526"]
[BlackElo "1459"]
[PlyCount "53"]
[EventDate "2014.07.13"]
[EventType "swiss"]
[EventRounds "9"]
[EventCountry "VIE"]
[SourceTitle "EXT 2016"]
[Source "ChessBase"]
[SourceDate "2015.10.08"]
[SourceVersion "1"]
[SourceVersionDate "2015.10.08"]
[SourceQuality "1"]

1. Nf3 d5 2. d4 Nf6 3. c4 e6 4. Qb3 c5 5. Bg5 dxc4 6. Qxc4 cxd4 7. Qxd4 Qxd4 8. Nxd4 Be7 9. e3 h6 10. Bxf6 Bxf6 11. Bb5+ Bd7 12. Nc3 0-0 13. 0-0 a6 14. Bxd7 Nxd7 15. Rad1 Rad8 16. Ne4 Rfe8 17. Nd6 Re7 18. Nxb7 Ne5 19. Nxd8 Rd7 20. N8c6 Nxc6 21. Nxc6 Rc7 22. Nd4 Kf8 23. Rc1 Rd7 24. Rfd1 Ke7 25. Nc6+ Ke8 26. Rxd7 Kxd7 27. Nb8+ 1-0